000 00759nam a2200265u 4500
001 18437
003 BD-RjUL
005 20211209000302.0
008 140220r19541952enka 001 0 eng
035 _a(BD-RjUL)18495
040 _aDLC
_cCarP
_dBD-RjUL
_beng
041 _aeng
082 0 4 _218
_a574
_bGRB 1954
100 1 _aGreen, Florence Mary
_956817
245 1 0 _aBiology for town and country /
_cFlorence Mary Green
250 _a[1st ed.]
260 _aLondon :
_bMurray,
_cc1952 [reprint 1954].
300 _a250 p. :
_billus. ;
_c21 cm.
504 _aIncludes indexes.
650 0 _aBiology
_956818
650 0 _aNatural history
_xJuvenile works. [from old catalog]
_956819
942 _2ddc
_cBK
999 _c18437
_d18437